| 000 -LEADER |
| fixed length control field |
00743nam a2200229Ia 4500 |
| 001 - CONTROL NUMBER |
| control field |
7383 |
| 003 - CONTROL NUMBER IDENTIFIER |
| control field |
GE_BSU |
| 008 - FIXED-LENGTH DATA ELEMENTS--GENERAL INFORMATION |
| fixed length control field |
181216s||||||||xx |||||||||||||| ||und|| |
| 040 ## - CATALOGING SOURCE |
| Transcribing agency |
GE_BSU |
| 080 ## - UNIVERSAL DECIMAL CLASSIFICATION NUMBER |
| Universal Decimal Classification number |
624.81(075.8) |
| 100 ## - MAIN ENTRY--PERSONAL NAME |
| Personal name |
Карлсен,Г.Г. Большаков,В.В. Каган,М.Е и др. |
| 245 ## - TITLE STATEMENT |
| Title |
Деревянные конструкций. |
| 245 ## - TITLE STATEMENT |
| Remainder of title |
Учебник. |
| 245 ## - TITLE STATEMENT |
| Statement of responsibility, etc. |
Под ред. Г.Г.Карлсена. |
| 250 ## - EDITION STATEMENT |
| Edition statement |
Изд 3-ое,перераб.и дополненн. |
| 260 ## - PUBLICATION, DISTRIBUTION, ETC. |
| Place of publication, distribution, etc. |
М. |
| 260 ## - PUBLICATION, DISTRIBUTION, ETC. |
| Name of publisher, distributor, etc. |
Госстройиздат. |
| 260 ## - PUBLICATION, DISTRIBUTION, ETC. |
| Date of publication, distribution, etc. |
1962. |
| 300 ## - PHYSICAL DESCRIPTION |
| Extent |
664стр.илл.22см.библиогр.:стр.622-624. |
| 653 ## - INDEX TERM--UNCONTROLLED |
| Uncontrolled term |
Деревянные конструкций. |
| 942 ## - ADDED ENTRY ELEMENTS (KOHA) |
| Koha item type |
წიგნი |